[Event "Kalamazoo (MI Am/4/11)"]
[Site "?"]
[Date "1996.??.??"]
[Round "?"]
[White "Evans Sr., Thomas"]
[Black "Stockman, David"]
[Result "0-1"]
[WhiteElo "1605"]
[BlackElo "1615"]
[PlyCount "84"]
[EventDate "1996.??.??"]

{4/(11)} 1. d4 Nf6 2. c4 c5 3. d5 b5 4. b3 bxc4 5. bxc4 g6 6. e3 Bg7 7. Nc3
Nxd5 8. cxd5 Bxc3+ 9. Bd2 Bxa1 10. Qxa1 O-O 11. Be2 d6 12. Nf3 Nd7 13. O-O Nf6
14. e4 Re8 15. Bh6 Rb8 16. Ng5 Qb6 17. e5 Qb2 18. exf6 Qxa1 19. Rxa1 exf6 20.
Nxh7 Rxe2 21. Nxf6+ Kh8 22. h3 Rbb2 23. Be3 Rxa2 24. Rc1 Ba6 25. Ne4 Rec2 26.
Rb1 Rcb2 27. Rc1 Rb6 28. Nc3 Ra3 29. Rc2 Kg8 30. Ne4 Bd3 31. Nf6+ Kg7 32. Ne8+
Kf8 33. Nxd6 Bxc2 34. Bxc5 Ra1+ 35. Kh2 Rxd6 36. Bxd6+ Ke8 37. Be5 Re1 38. Bg3
a5 39. f3 Rd1 40. d6 a4 41. Be5 a3 42. Kg3 a2 0-1

[Event "Howell (US Am N/4/33)"]
[Site "?"]
[Date "1996.??.??"]
[Round "?"]
[White "Evans Sr., Thomas"]
[Black "Scioly, Tony"]
[Result "1-0"]
[WhiteElo "1605"]
[BlackElo "1605"]
[PlyCount "77"]
[EventDate "1996.??.??"]

{4/(33)} 1. e4 c5 2. Nf3 d6 3. Bc4 Nf6 4. Nc3 g6 5. O-O Bg7 6. d3 O-O 7. Nd5 e6
8. Nxf6+ Bxf6 9. Re1 Nc6 10. c3 d5 11. exd5 exd5 12. Bb3 Bg4 13. h3 Bf5 14. Bc2
Qc7 15. Bh6 Rfe8 16. Rxe8+ Rxe8 17. Bb3 Qd7 18. Kh2 Qd6+ 19. Kg1 Qe6 20. Qe1
Qd7 21. Qf1 Ne5 22. Nxe5 Rxe5 23. Bd1 Qd6 24. Bf4 Bg5 25. Bxg5 Bxd3 26. Be2
Rxg5 27. Bxd3 c4 28. Be2 Re5 29. Rd1 b5 30. Re1 a5 31. Bf3 Rg5 32. Re8+ Kg7 33.
Qd1 Qd7 34. Qd4+ f6 35. Re1 Qxh3 36. Qe3 Qd7 37. Qe7+ Qxe7 38. Rxe7+ Kh6 39.
Rd7 1-0

[Event "Ann Arbor (HVA/4/5)"]
[Site "?"]
[Date "1996.??.??"]
[Round "?"]
[White "Evans Sr., Thomas"]
[Black "Scioly, Tony"]
[Result "0-1"]
[WhiteElo "1605"]
[BlackElo "1605"]
[PlyCount "110"]
[EventDate "1996.??.??"]

{4/(5)} 1. d4 Nf6 2. c4 g6 3. Nc3 Bg7 4. e3 d6 5. Nf3 O-O 6. Be2 Nbd7 7. O-O
Re8 8. Qb3 e5 9. dxe5 dxe5 10. e4 Nc5 11. Qc2 Nh5 12. Be3 Ne6 13. Nb5 a6 14.
Rad1 Qe7 15. Nc3 c6 16. Rd3 Nhf4 17. Rdd1 Bd7 18. Qd2 Bc8 19. Qd6 Nxe2+ 20.
Nxe2 Qxd6 21. Rxd6 Rd8 22. Rxd8+ Nxd8 23. Ng3 Bg4 24. Nd2 b5 25. c5 a5 26. a3
h5 27. f3 Be6 28. f4 exf4 29. Rxf4 Bh6 30. Rf3 Bxe3+ 31. Rxe3 Nb7 32. Rc3 Rd8
33. Nf3 f6 34. Ne2 Rd1+ 35. Kf2 a4 36. Ned4 Bc4 37. Nxc6 Nxc5 38. Ke3 Ne6 39.
Nd2 Re1+ 40. Kf3 Ng5+ 41. Kf4 Bf1 42. Nf3 Rxe4+ 43. Kg3 Rg4+ 44. Kf2 Bxg2 45.
Nxg5 Rxg5 46. Ne7+ Kf8 47. Nxg6+ Rxg6 48. Rg3 Rxg3 49. hxg3 Bd5 50. Ke3 Ke7 51.
Kd4 Bc4 52. Ke4 Ke6 53. Kf4 Bd3 54. Ke3 Bg6 55. Kf4 Kd5 0-1

[Event "Cadillac Open/3/13"]
[Site "?"]
[Date "1996.??.??"]
[Round "?"]
[White "Evans Sr., Thomas"]
[Black "Saylor, Oliver"]
[Result "1-0"]
[WhiteElo "1890"]
[BlackElo "1605"]
[PlyCount "69"]
[EventDate "1996.??.??"]

{3/13} 1. e4 e5 2. f4 Nc6 3. fxe5 Qh4+ 4. g3 Qxe4+ 5. Qe2 Qxe2+ 6. Bxe2 Nxe5 7.
d4 Nc6 8. c3 d5 9. Bf4 Bd6 10. Bxd6 cxd6 11. Na3 a6 12. Nf3 Nf6 13. O-O O-O 14.
Bd3 Ne4 15. Nc2 Bg4 16. Ne3 Bxf3 17. Rxf3 Ne7 18. Nxd5 Nxd5 19. Bxe4 Nc7 20.
Rf2 Rab8 21. Re1 d5 22. Bf3 b5 23. Re7 Rbc8 24. Bg4 Ne6 25. Bxe6 fxe6 26. Rxf8+
Rxf8 27. Rxe6 Rf6 28. Rxf6 gxf6 29. Kf2 Kf7 30. Kf3 Kg6 31. Kf4 h5 32. h3 f5
33. b4 Kf6 34. h4 Kg6 35. Ke5 1-0

[Event "Kalamazoo (Swiss/5/7)"]
[Site "?"]
[Date "1996.??.??"]
[Round "?"]
[White "Evans Sr., Thomas"]
[Black "Pleasant, Andrew"]
[Result "1-0"]
[WhiteElo "1605"]
[BlackElo "1605"]
[PlyCount "64"]
[EventDate "1996.??.??"]

{5/(7)} 1. e4 c5 2. Nf3 d6 3. c3 Nf6 4. d4 cxd4 5. cxd4 Nxe4 6. Nc3 Nxc3 7.
bxc3 g6 8. Bc4 Bg7 9. Qb3 O-O 10. O-O Nc6 11. Ng5 e6 12. d5 Na5 13. Qb4 Nxc4
14. Qxc4 e5 15. Ba3 Bh6 16. Ne4 Bg5 17. Bxd6 Re8 18. Bc7 Qe7 19. d6 Qe6 20.
Qxe6 Bxe6 21. Nxg5 Bd7 22. Ne4 Kg7 23. Nc5 Bc6 24. Nxb7 e4 25. Rfe1 a6 26. Nc5
a5 27. Nxe4 Rxe4 28. Rxe4 Bxe4 29. d7 Ra6 30. d8=Q Rc6 31. Be5+ Rf6 32. Qxf6+
Kf8 1-0

[Event "Cadillac Open/4/15"]
[Site "?"]
[Date "1996.??.??"]
[Round "?"]
[White "Evans Sr., Thomas"]
[Black "Nikitin, Mike"]
[Result "1/2-1/2"]
[WhiteElo "1605"]
[BlackElo "1605"]
[PlyCount "72"]
[EventDate "1996.??.??"]

{4/15} 1. d4 Nf6 2. c4 g6 3. e3 Bg7 4. Nc3 d5 5. Nf3 O-O 6. Be2 c5 7. O-O Nc6
8. cxd5 Nxd5 9. Nxd5 Qxd5 10. dxc5 Qxc5 11. Rb1 Bf5 12. Ra1 Rfd8 13. Qb3 Na5
14. Qb5 Qc7 15. Bd2 Nc6 16. Bc3 a6 17. Qc4 Rd7 18. Bxg7 Kxg7 19. Rac1 Qa5 20.
Ng5 Ne5 21. Qb3 Qd5 22. Qxd5 Rxd5 23. f4 Nc6 24. Nxf7 Rd2 25. Bc4 Rxb2 26. Rf2
Rxf2 27. Kxf2 Re8 28. Ng5 b5 29. Bxb5 axb5 30. Rxc6 Ra8 31. Ne6+ Kf7 32. Ng5+
Kg8 33. Rb6 h6 34. Ne6 Rxa2+ 35. Kf3 Bxe6 36. Rxe6 Kf7 1/2-1/2

[Event "Kalamazoo (MI Am/2/22)"]
[Site "?"]
[Date "1996.??.??"]
[Round "?"]
[White "Evans Sr., Thomas"]
[Black "Mihelich, John"]
[Result "1-0"]
[WhiteElo "1605"]
[BlackElo "1605"]
[PlyCount "61"]
[EventDate "1996.??.??"]

{2/(22)} 1. d4 d5 2. c4 e6 3. Nc3 Nf6 4. e3 Bb4 5. Nf3 Bxc3+ 6. bxc3 O-O 7. Bd3
Nc6 8. O-O h6 9. cxd5 exd5 10. Ba3 Re8 11. Bb5 Re6 12. Bd3 b6 13. c4 Bb7 14.
cxd5 Nxd5 15. Bc4 Rg6 16. Bd3 Rf6 17. e4 Nde7 18. e5 Rf4 19. Bc1 Rg4 20. h3
Rxg2+ 21. Kxg2 Nxd4 22. Be2 Qd5 23. Bf4 Nef5 24. Bg3 Rd8 25. Kh2 Nxf3+ 26. Bxf3
Qxf3 27. Qxd8+ Kh7 28. Rg1 Nxg3 29. Qd2 Ne2 30. Qe3 Nxg1 31. Qxf3 {[Remainder
illegible; 1-0, 45?]} 1-0

[Event "Ann Arbor (HVA/5/2)"]
[Site "?"]
[Date "1996.??.??"]
[Round "?"]
[White "Evans Sr., Thomas"]
[Black "McCarter, Robert"]
[Result "1-0"]
[WhiteElo "1920"]
[BlackElo "1730"]
[PlyCount "55"]
[EventDate "1996.??.??"]

{5/(2)} 1. e4 c5 2. Nf3 d6 3. Bc4 e6 4. O-O a6 5. a4 Nc6 6. d4 cxd4 7. Nxd4 Nf6
8. Nxc6 bxc6 9. e5 Nd7 10. exd6 Nb6 11. Qd4 Nxc4 12. Qxc4 Qxd6 13. Bf4 Qc5 14.
Na3 Qxc4 15. Nxc4 Bc5 16. b4 Ba7 17. Nd6+ Ke7 18. Nc4 f6 19. Bd6+ Kf7 20. b5
cxb5 21. axb5 Bd4 22. Ra4 Bb7 23. b6 Rhd8 24. Bc7 Bc6 25. Ra5 Rd7 26. Rb1 Rxc7
27. bxc7 Ke7 28. Rb8 1-0

[Event "Kalamazoo (MI Am/3/6)"]
[Site "?"]
[Date "1996.??.??"]
[Round "?"]
[White "Evans Sr., Thomas"]
[Black "Martell, Raul"]
[Result "1/2-1/2"]
[WhiteElo "1860"]
[BlackElo "1605"]
[PlyCount "111"]
[EventDate "1996.??.??"]

{3/(6)} 1. e4 e5 2. Nf3 Nc6 3. Bc4 Bc5 4. c3 d6 5. a4 a6 6. b4 Bb6 7. d3 Bg4 8.
h3 Bh5 9. O-O h6 10. Be3 Bxe3 11. fxe3 Nf6 12. Qe1 O-O 13. Qh4 Bg6 14. Qg3 Kh8
15. Nh4 Ne7 16. Nxg6+ fxg6 17. Nd2 Qd7 18. Nf3 g5 19. Nh2 Nh5 20. Rxf8+ Rxf8
21. Qg4 Qxg4 22. Nxg4 Ng3 23. Re1 h5 24. Nh2 Kh7 25. Nf3 Kh6 26. Nd2 h4 27. d4
exd4 28. exd4 Ng6 29. e5 Nf4 30. Nf1 Nxf1 31. Rxf1 d5 32. Bd3 Re8 33. Rf3 Nxd3
34. Rxd3 Kg6 35. Rf3 b6 36. Kf2 c6 37. Ke3 a5 38. Kd3 axb4 39. cxb4 Ra8 40. Kc3
Rxa4 41. Kb3 Ra8 42. Rc3 Rc8 43. Re3 Re8 44. Rf3 b5 45. Kc3 Ra8 46. Kb3 Re8 47.
Kc3 Ra8 48. Kb3 Re8 49. Rc3 Re6 50. Kc2 Kh5 51. Rf3 g4 52. Rf5+ g5 53. Kd3 gxh3
54. gxh3 Kg6 55. Rf8 Kg7 56. Rf5 1/2-1/2

[Event "Detroit (Class A/5/4)"]
[Site "?"]
[Date "1996.??.??"]
[Round "?"]
[White "Evans Sr., Thomas"]
[Black "Manion, Tom"]
[Result "1/2-1/2"]
[WhiteElo "1940"]
[BlackElo "1835"]
[PlyCount "74"]
[EventDate "1996.??.??"]

{5/(4)} 1. e4 e5 2. Bc4 Nf6 3. d3 Nc6 4. a3 d6 5. Ne2 Be7 6. O-O Bg4 7. f3 Bh5
8. Nbc3 Qd7 9. Be3 O-O 10. Qe1 a6 11. f4 exf4 12. Nxf4 Ne5 13. Ba2 c6 14. h3
Ng6 15. Nxh5 Nxh5 16. Rf5 Nf6 17. h4 d5 18. h5 dxe4 19. Rxf6 Bxf6 20. hxg6 hxg6
21. Nxe4 Bd4 22. Qg3 Rae8 23. Re1 Re5 24. Qxg6 Bxe3+ 25. Rxe3 Kh8 26. Bxf7 Rxf7
27. Rh3+ Kg8 28. Rg3 Qf5 29. Qxf5 Rexf5 30. Rg6 Rf1+ 31. Kh2 Rc1 32. c3 Rd1 33.
Rd6 Re7 34. Rd8+ Kf7 35. Rd4 g6 36. Kg3 Kg7 37. Kg4 Rxd3 1/2-1/2

[Event "Detroit (Class A/1/6)"]
[Site "?"]
[Date "1996.??.??"]
[Round "?"]
[White "Evans Sr., Thomas"]
[Black "Lubben, Don"]
[Result "1/2-1/2"]
[WhiteElo "1940"]
[BlackElo "1880"]
[PlyCount "119"]
[EventDate "1996.??.??"]

{1/(6)} 1. e4 e6 2. Nf3 d5 3. exd5 exd5 4. Bb5+ c6 5. Be2 Nf6 6. d4 Bd6 7. Bg5
Qa5+ 8. c3 Ne4 9. Bh4 Bf5 10. O-O Nd7 11. Nbd2 Qc7 12. Re1 O-O 13. Bd3 Rae8 14.
Qc2 Nxd2 15. Qxd2 Be4 16. Bg3 f5 17. Bxd6 Qxd6 18. Re3 h6 19. Bxe4 dxe4 20. Qe1
Rd8 21. Nd2 c5 22. Nb3 c4 23. Nd2 Rc8 24. f3 exf3 25. Nxf3 Nf6 26. Re6 Qd5 27.
Re5 Qd7 28. Re7 Qd5 29. Qe6+ Qxe6 30. Rxe6 Rfe8 31. Rae1 Rxe6 32. Rxe6 Kf7 33.
Re5 g6 34. Nd2 Nd7 35. Rb5 Nb6 36. a4 Nxa4 37. Rxb7+ Kf6 38. Kf2 Rc6 39. Ke2
Rb6 40. Rxa7 Nxb2 41. Rc7 Re6+ 42. Kf1 Nd3 43. Nf3 g5 44. Ne5 Nxe5 45. dxe5+
Kxe5 46. Rxc4 Kd5 47. Rc8 Ra6 48. Kf2 Ra2+ 49. Kf1 Rc2 50. Rh8 Ke4 51. Rxh6
Rxc3 52. Re6+ Kf4 53. Re2 Rc1+ 54. Kf2 g4 55. g3+ Kg5 56. Kg2 Rc3 57. Rd2 Rf3
58. h3 Ra3 59. hxg4 Kxg4 60. Rd4+ 1/2-1/2

[Event "Howell (US Am N/6/13)"]
[Site "?"]
[Date "1996.??.??"]
[Round "?"]
[White "Evans Sr., Thomas"]
[Black "Kuba, J."]
[Result "0-1"]
[WhiteElo "1605"]
[BlackElo "1945"]
[PlyCount "58"]
[EventDate "1996.??.??"]

{6/(13)} 1. e4 c5 2. Nf3 d6 3. Bc4 Nf6 4. Nc3 e6 5. O-O a6 6. Re1 b5 7. Be2 b4
8. Nb1 Be7 9. c3 a5 10. d4 cxd4 11. cxd4 O-O 12. e5 Nd5 13. Bd3 dxe5 14. dxe5
Bb7 15. Qc2 h6 16. Be4 Nd7 17. Nbd2 Rc8 18. Qd1 Nc5 19. Nd4 Nxe4 20. Nxe4 Qb6
21. Ng3 Rfd8 22. Qg4 Nf4 23. Bxf4 Rxd4 24. Nh5 g6 25. Nf6+ Bxf6 26. exf6 Rcc4
27. Qh3 Rxf4 28. Qxh6 Qxf2+ 29. Kh1 Qxg2# 0-1

[Event "Howell (US Am N/2/19)"]
[Site "?"]
[Date "1996.??.??"]
[Round "?"]
[White "Evans Sr., Thomas"]
[Black "Kane, Paul"]
[Result "1-0"]
[WhiteElo "1870"]
[BlackElo "1605"]
[PlyCount "103"]
[EventDate "1996.??.??"]

{2/(19)} 1. e4 e6 2. Nf3 d5 3. exd5 exd5 4. d4 Nf6 5. Bd3 Bd6 6. O-O O-O 7. Bg5
Bg4 8. Nbd2 c6 9. c3 Nbd7 10. Qc2 Qc7 11. h3 Bh5 12. Rfe1 Rae8 13. b4 Bf4 14.
Bf5 Bg6 15. Bh4 Bxd2 16. Rxe8 Rxe8 17. Bxg6 Bxc3 18. Bxf7+ Kxf7 19. Qxc3 Ne4
20. Ng5+ Kg8 21. Nxe4 Rxe4 22. Bg3 Qc8 23. Qd3 Qe8 24. f3 Re3 25. Qf5 b6 26.
Rc1 Re6 27. Kf2 Qe7 28. b5 g6 29. bxc6 gxf5 30. c7 Qf6 31. c8=Q+ Nf8 32. Be5
Qf7 33. Rc7 Re7 34. Rxe7 Qxe7 35. Qxf5 Ng6 36. Qc8+ Kf7 37. f4 b5 38. Qc6 b4
39. Qxd5+ Qe6 40. Qa5 Qe7 41. f5 Nxe5 42. dxe5 h5 43. Qd5+ Kf8 44. f6 Qc7 45.
Qd4 a5 46. Qe4 Qf7 47. Qa8+ Qe8 48. Qxa5 h4 49. Qxb4+ Kf7 50. Qc4+ Kg6 51. Qg4+
Kf7 52. Qh5+ 1-0

[Event "Ann Arbor (HVA/2/2)"]
[Site "?"]
[Date "1996.??.??"]
[Round "?"]
[White "Evans Sr., Thomas"]
[Black "Iyer, Krishnan"]
[Result "1-0"]
[WhiteElo "1920"]
[BlackElo "1605"]
[PlyCount "57"]
[EventDate "1996.??.??"]

{2/(2)} 1. e4 c5 2. Nf3 Nc6 3. Bc4 d6 4. c3 Nf6 5. d3 g6 6. Qb3 e6 7. Bg5 a6 8.
Qd1 h6 9. Bh4 g5 10. Bg3 Nh5 11. Na3 Nxg3 12. hxg3 b5 13. Bb3 Bg7 14. Qd2 e5
15. Bd5 Qc7 16. Rc1 Bb7 17. d4 Ne7 18. dxe5 dxe5 19. Bxb7 Qxb7 20. Qe3 c4 21.
Rd1 Qc6 22. Nc2 O-O 23. O-O Rfd8 24. Nb4 Rxd1 25. Rxd1 a5 26. Nd5 Nxd5 27. Rxd5
b4 28. Rc5 Qb6 29. Rc8+ 1-0

[Event "Detroit (Beg/4/3)"]
[Site "?"]
[Date "1996.??.??"]
[Round "?"]
[White "Evans Sr., Thomas"]
[Black "Hollinsworth, Galon"]
[Result "0-1"]
[WhiteElo "1605"]
[BlackElo "1605"]
[PlyCount "48"]
[EventDate "1996.??.??"]

{4/(3)} 1. e4 e5 2. Nf3 Nc6 3. Nc3 Nf6 4. Bc4 Nxe4 5. Nxe4 d5 6. Bb5 dxe4 7.
Nxe5 Qd5 8. Bxc6+ bxc6 9. Ng4 Ba6 10. Ne3 Qg5 11. a3 Bd6 12. d3 Rd8 13. O-O
exd3 14. cxd3 O-O 15. Qg4 Qe5 16. Qg3 Qe6 17. Qg4 f5 18. Qd1 Bxd3 19. Qxd3
Bxh2+ 20. Kxh2 Rxd3 21. g3 f4 22. gxf4 Rxf4 23. Ng2 Qh3+ 24. Kg1 Rg4 0-1

[Event "Jackson (Prison m)"]
[Site "?"]
[Date "1996.??.??"]
[Round "?"]
[White "Evans Sr., Thomas"]
[Black "Goss"]
[Result "1-0"]
[WhiteElo "1895"]
[BlackElo "1605"]
[PlyCount "67"]
[EventDate "1996.??.??"]

{10/5} 1. e4 h5 2. d4 c5 3. c3 cxd4 4. cxd4 Qa5+ 5. Nc3 Nf6 6. Bd3 e6 7. Nge2
g5 8. e5 Nh7 9. O-O a6 10. f4 Be7 11. f5 d6 12. f6 Bf8 13. Qa4+ Qxa4 14. Nxa4
d5 15. Nb6 Ra7 16. Nxc8 Ra8 17. Nb6 Ra7 18. Bxh7 Rxh7 19. Bxg5 Nd7 20. Nxd7
Kxd7 21. Rac1 Bb4 22. a3 Ba5 23. h4 Rh8 24. Rc2 Bb6 25. Rf3 Raa8 26. Rfc3 Ba7
27. Rc7+ Kd8 28. Rxf7 Rc8 29. Rxc8+ Kxc8 30. Re7 Rf8 31. f7 Rxf7 32. Rxf7 Bb6
33. Re7 Bd8 34. Re8 1-0

[Event "Detroit (Beg/2/3)"]
[Site "?"]
[Date "1996.??.??"]
[Round "?"]
[White "Evans Sr., Thomas"]
[Black "Dezerne, T."]
[Result "1-0"]
[WhiteElo "1605"]
[BlackElo "1605"]
[PlyCount "101"]
[EventDate "1996.??.??"]

{2/(3)} 1. e4 e5 2. Nf3 d6 3. Nc3 Nf6 4. Bc4 Be6 5. Bxe6 fxe6 6. O-O c6 7. d4
c5 8. dxc5 dxc5 9. Qxd8+ Kxd8 10. Nxe5 Rg8 11. Bg5 h6 12. Bxf6+ gxf6 13. Ng4
Rxg4 14. e5 fxe5 15. Rad1+ Rd4 16. Nb5 Rxd1 17. Rxd1+ Nd7 18. Nc3 Kc7 19. h4 c4
20. Kh2 Bc5 21. f3 Rg8 22. Kh3 Nf6 23. g4 Rg6 24. a3 Bf2 25. Rd2 Be3 26. Rg2
Bf4 27. Nb5+ Kb6 28. a4 a6 29. Nc3 Kc5 30. Ne4+ Nxe4 31. fxe4 b5 32. axb5 axb5
33. c3 b4 34. Rg1 bxc3 35. bxc3 Be3 36. Rg2 Rf6 37. g5 Rf3+ 38. Rg3 Rf1 39.
Rxe3 Rh1+ 40. Kg4 h5+ 41. Kxh5 Rf1 42. g6 Rf8 43. Kg5 Kd6 44. h5 Ke7 45. h6 Rf6
46. h7 Rf1 47. h8=Q Rg1+ 48. Kh4 Rh1+ 49. Rh3 Rd1 50. Qh7+ Kd6 51. g7 1-0

[Event "Ann Arbor (HVA/3/7)"]
[Site "?"]
[Date "1996.??.??"]
[Round "?"]
[White "Evans Sr., Thomas"]
[Black "Curtis, Dave"]
[Result "1-0"]
[WhiteElo "1605"]
[BlackElo "1605"]
[PlyCount "35"]
[EventDate "1996.??.??"]

{3/(7)} 1. d4 d5 2. c4 c5 3. e3 e6 4. Nc3 Nf6 5. Nf3 g6 6. Be2 Bg7 7. O-O O-O
8. Qd2 cxd4 9. exd4 Qa5 10. cxd5 Nxd5 11. Nxd5 Qxd2 12. Ne7+ Kh8 13. Bxd2 Bd7
14. Bb4 Na6 15. Bxa6 bxa6 16. Ne5 Bb5 17. Rfc1 Rfe8 18. Nxf7# 1-0

[Event "Cadillac Open/1b/11"]
[Site "?"]
[Date "1996.??.??"]
[Round "?"]
[White "Evans Sr., Thomas"]
[Black "Brooks, D."]
[Result "1-0"]
[WhiteElo "1890"]
[BlackElo "1605"]
[PlyCount "21"]
[EventDate "1996.??.??"]

1. e4 e5 2. f4 d6 3. Nf3 Nc6 4. Bc4 Qd7 5. Ng5 Nh6 6. O-O Be7 7. Qh5 g6 8. Qxh6
Bf8 9. Qh4 h6 10. Bxf7+ Kd8 11. Ne6# 1-0

[Event "Cadillac Open/2/24"]
[Site "?"]
[Date "1996.??.??"]
[Round "?"]
[White "Evans Sr., Thomas"]
[Black "Beyer, B."]
[Result "1-0"]
[WhiteElo "1605"]
[BlackElo "1605"]
[PlyCount "45"]
[EventDate "1996.??.??"]

{2/24} 1. d4 d5 2. c4 dxc4 3. Nc3 Nc6 4. e3 Bf5 5. Bxc4 Nb4 6. Qa4+ Nc6 7. Nf3
e6 8. O-O Nf6 9. Ne5 Rc8 10. Nxc6 bxc6 11. Qxc6+ Nd7 12. Qa6 Nb6 13. Bb5+ c6
14. Be2 Ra8 15. e4 Bg6 16. d5 cxd5 17. e5 f6 18. Bb5+ Nd7 19. Qxe6+ Be7 20.
exf6 gxf6 21. Nxd5 Bf7 22. Nxf6+ Kf8 23. Bh6# 1-0

[Event "Ann Arbor (HVA/4/2)"]
[Site "?"]
[Date "1996.??.??"]
[Round "?"]
[White "Evans Sr., Thomas"]
[Black "Bedy, N."]
[Result "1-0"]
[WhiteElo "1920"]
[BlackElo "1605"]
[PlyCount "65"]
[EventDate "1996.??.??"]

{4/(2)} 1. e4 d5 2. exd5 Nf6 3. c4 c6 4. dxc6 Nxc6 5. Nf3 e5 6. h3 Bf5 7. Nh4
Be6 8. Be2 Bc5 9. O-O Nh5 10. Bxh5 Qxh4 11. d3 O-O-O 12. Be3 Nd4 13. Nc3 g6 14.
Bf3 Nxf3+ 15. Qxf3 Rxd3 16. Ne4 Bxe3 17. fxe3 Qe7 18. Qe2 Rhd8 19. c5 f5 20.
Nd6+ R3xd6 21. cxd6 Rxd6 22. Rfd1 Bd5 23. Qd2 Rd7 24. Qa5 Bc6 25. Qxa7 Qg5 26.
Rxd7 Kxd7 27. Rd1+ Ke6 28. Rd2 Qg3 29. Rf2 g5 30. Qc5 h5 31. Qc4+ Kf6 32. Qd3
h4 33. Qxf5+ 1-0

[Event "Kalamazoo (MI Am/1/10)"]
[Site "?"]
[Date "1996.??.??"]
[Round "?"]
[White "Evans Sr., Thomas"]
[Black "Avery, Bill"]
[Result "1-0"]
[WhiteElo "1860"]
[BlackElo "1605"]
[PlyCount "63"]
[EventDate "1996.??.??"]

{1/(10)} 1. e4 d6 2. d4 Nf6 3. Nc3 c6 4. Nf3 Bg4 5. h3 Bh5 6. Be2 Nbd7 7. Bf4
Bxf3 8. Bxf3 e5 9. Be3 Be7 10. Qd2 a5 11. Rd1 a4 12. O-O O-O 13. g4 Nb6 14.
dxe5 Nc4 15. Qe2 Nxe5 16. Bg2 Qc7 17. f4 Ng6 18. g5 Nd7 19. Qg4 b5 20. h4 Rae8
21. h5 Nh8 22. e5 d5 23. Ne2 Bc5 24. Nd4 Bxd4 25. Bxd4 c5 26. Bf2 d4 27. c3 Rd8
28. cxd4 cxd4 29. Rxd4 Nc5 30. Rxd8 Rxd8 31. Rc1 Rc8 32. Rxc5 1-0

[Event "Cadillac Open/2/12"]
[Site "?"]
[Date "1996.??.??"]
[Round "?"]
[White "Estlick, Laurence"]
[Black "O'Dell, Ray"]
[Result "1-0"]
[WhiteElo "1965"]
[BlackElo "1605"]
[PlyCount "73"]
[EventDate "1996.??.??"]

{2/12} 1. d4 e6 2. c4 d5 3. Nc3 Nf6 4. Bg5 Bb4 5. e3 Bxc3+ 6. bxc3 Nbd7 7. Nf3
O-O 8. cxd5 exd5 9. c4 Qe8 10. c5 Ne4 11. Bf4 Ndf6 12. Bxc7 Ng4 13. Bg3 Nxg3
14. hxg3 Nf6 15. Bd3 Ne4 16. O-O Bg4 17. Qc2 a6 18. Rab1 Qe7 19. Rb6 Rac8 20.
Rfb1 Rc7 21. Nd2 Bc8 22. Nxe4 dxe4 23. Bxe4 f5 24. Bd5+ Kh8 25. Qb3 Rf6 26. Rb4
g6 27. Bxb7 a5 28. Rb5 h5 29. Bxc8 Rxc8 30. Rb8 Rfc6 31. Qb7 Qc7 32. Rxc8+ Qxc8
33. Qxc8+ Rxc8 34. Rb7 Rc6 35. Rb6 Rc7 36. Rxg6 Kh7 37. Ra6 1-0

[Event "Cadillac Open/3/4"]
[Site "?"]
[Date "1996.??.??"]
[Round "?"]
[White "Estlick, Laurence"]
[Black "Gabbara, Faris"]
[Result "1-0"]
[WhiteElo "1965"]
[BlackElo "2200"]
[PlyCount "75"]
[EventDate "1996.??.??"]

{3/4} 1. d4 d5 2. c4 e6 3. Nc3 c5 4. cxd5 exd5 5. Nf3 Nc6 6. e3 Nf6 7. Be2 Be6
8. O-O a6 9. dxc5 Bxc5 10. Nd4 O-O 11. a3 Qd7 12. b4 Bd6 13. Bb2 Ne5 14. Na4
Rad8 15. Rc1 b5 16. Nxe6 fxe6 17. Nc5 Bxc5 18. Bxe5 Bd6 19. Qd4 Rc8 20. Rxc8
Rxc8 21. Bxf6 gxf6 22. Qxf6 Rf8 23. Qb2 Qc7 24. h3 Be5 25. Qb3 Rc8 26. Bg4 Kf7
27. e4 Qc3 28. Qb1 d4 29. Qd1 Rc7 30. Bh5+ Ke7 31. Qg4 Bf6 32. Qg8 Kd6 33. Bg4
Qb3 34. Re1 Be7 35. e5+ Kd7 36. Rd1 Qd5 37. Bxe6+ Qxe6 38. Rxd4+ 1-0

[Event "Kalamazoo (Mini-Swiss.1/2)"]
[Site "?"]
[Date "1996.??.??"]
[Round "?"]
[White "Estlick, Laurence"]
[Black "Fischvogt, Eric"]
[Result "0-1"]
[WhiteElo "1985"]
[BlackElo "2215"]
[PlyCount "98"]
[EventDate "1996.??.??"]

{1/(2)} 1. d4 Nf6 2. c4 c5 3. e3 g6 4. Nf3 Bg7 5. Nc3 O-O 6. Be2 cxd4 7. exd4
d5 8. O-O Nc6 9. h3 dxc4 10. Bxc4 Na5 11. Be2 Be6 12. Re1 Rc8 13. Ne5 Nd5 14.
Nxd5 Bxd5 15. b3 Nc6 16. Bb2 Qd6 17. Bf3 Bxf3 18. Nxf3 Rfd8 19. Qe2 e6 20. Rad1
Qb4 21. Qe3 Qb6 22. Ba1 Nb4 23. Re2 Nc2 24. Qd3 Nxa1 25. Rxa1 Bxd4 26. Nxd4
Rxd4 27. Qe3 Rcd8 28. Rae1 Qa5 29. Qf3 Rd1 30. Rxd1 Rxd1+ 31. Kh2 Qc7+ 32. Qg3
Qxg3+ 33. Kxg3 Kf8 34. Rc2 Ke7 35. Kf3 h5 36. h4 Kd6 37. Ke2 Ra1 38. Ke3 Re1+
39. Kf4 f6 40. Rd2+ Ke7 41. Rc2 e5+ 42. Kf3 Rd1 43. g3 Kd7 44. Ke2 Rd6 45. Ke3
Rc6 46. Rd2+ Ke6 47. f3 Rc3+ 48. Ke2 e4 49. fxe4 Rxg3 0-1

[Event "Kalamazoo (Swiss/2/12)"]
[Site "?"]
[Date "1996.??.??"]
[Round "?"]
[White "Engstrom, Nate"]
[Black "Tuzeneu, Jim"]
[Result "1-0"]
[WhiteElo "1605"]
[BlackElo "1605"]
[PlyCount "66"]
[EventDate "1996.??.??"]

{2/(12)} 1. d4 g6 2. c4 Bg7 3. Nf3 Nf6 4. Nc3 d6 5. e4 Nbd7 6. Be2 O-O 7. Be3
e6 8. Qc2 e5 9. O-O exd4 10. Nxd4 Ne5 11. Bg5 Bg4 12. Nd5 c6 13. Nxf6+ Bxf6 14.
Bxf6 Qxf6 15. Bxg4 Nxg4 16. Nf3 Rac8 17. h3 Ne5 18. Qc3 Rfd8 19. Rad1 Qf4 20.
Nxe5 dxe5 21. f3 Rxd1 22. Rxd1 b5 23. cxb5 Qf6 24. Rd7 Qe6 25. Rxa7 cxb5 26.
Qb4 Qc6 27. Qe7 Qc5+ 28. Qxc5 Rxc5 29. Rb7 f5 30. b4 Rc1+ 31. Kh2 Rc2 32. Rxb5
Rxa2 33. Rxe5 fxe4 1-0

[Event "Kalamazoo (Swiss/4/6)"]
[Site "?"]
[Date "1996.??.??"]
[Round "?"]
[White "Engstrom, Nate"]
[Black "Post, Robert"]
[Result "1-0"]
[WhiteElo "1605"]
[BlackElo "1680"]
[PlyCount "75"]
[EventDate "1996.??.??"]

{4/(6)} 1. d4 g6 2. c4 Nf6 3. Nf3 Bg7 4. Nc3 O-O 5. e4 d6 6. Be2 Nbd7 7. Be3 e5
8. O-O Ne8 9. Qd2 f5 10. exf5 gxf5 11. Bh6 f4 12. Bxg7 Kxg7 13. dxe5 Qe7 14.
exd6 Nxd6 15. Rfe1 Qf7 16. Qd4+ Kg8 17. Ng5 Qf5 18. h4 Ne5 19. c5 Ndf7 20. Bc4
Nxc4 21. Qxc4 c6 22. Nce4 h6 23. Nxf7 Rxf7 24. Nd6 Qd5 25. Qxd5 cxd5 26. Nxf7
Kxf7 27. Re5 Be6 28. Rae1 Re8 29. a3 Re7 30. f3 a6 31. a4 a5 32. Kh2 Kf6 33. g4
fxg3+ 34. Kxg3 Kf7 35. f4 d4 36. f5 d3 37. fxe6+ Ke8 38. Rd5 1-0

[Event "Detroit (Class C/4/14)"]
[Site "?"]
[Date "1996.??.??"]
[Round "?"]
[White "Elliott, J."]
[Black "Tsuji, J."]
[Result "1-0"]
[WhiteElo "1605"]
[BlackElo "1605"]
[PlyCount "73"]
[EventDate "1996.??.??"]

{4/(14)} 1. c4 Nf6 2. Nc3 e6 3. g3 d5 4. e3 Be7 5. Bg2 O-O 6. Qb3 c6 7. Nge2
Nbd7 8. d4 b6 9. O-O Qc7 10. Bd2 Ba6 11. cxd5 cxd5 12. Rac1 Bc4 13. Qd1 Qd8 14.
b3 Ba6 15. a4 Bd3 16. Be1 Bg6 17. Nf4 Be4 18. f3 Bf5 19. g4 Bg6 20. Nxg6 fxg6
21. f4 h6 22. Bh4 Rc8 23. g5 Nh7 24. Qg4 Rc6 25. Nxd5 Rd6 26. Nxe7+ Qxe7 27.
Rc7 h5 28. Qh3 Ra8 29. Bxa8 Qd8 30. Rfc1 Nhf8 31. Rxa7 e5 32. fxe5 Nxe5 33.
dxe5 Rd1+ 34. Rxd1 Qxd1+ 35. Qf1 Qg4+ 36. Kh1 Qxh4 37. Qf7+ 1-0

[Event "Detroit (Class C/1/15)"]
[Site "?"]
[Date "1996.??.??"]
[Round "?"]
[White "Elliott, J."]
[Black "Sunts, A."]
[Result "0-1"]
[WhiteElo "1605"]
[BlackElo "1605"]
[PlyCount "151"]
[EventDate "1996.??.??"]

{1/(15)} 1. c4 g6 2. Nc3 Bg7 3. e3 e6 4. Nf3 Ne7 5. g3 O-O 6. Bg2 c6 7. O-O d6
8. d3 Bxc3 9. bxc3 e5 10. e4 Nd7 11. Bh6 Re8 12. Ng5 Rf8 13. Qf3 c5 14. Bh3 Nc6
15. Ne6 fxe6 16. Bxe6+ Kh8 17. Bxf8 Qxf8 18. Qxf8+ Nxf8 19. Bxc8 Rxc8 20. f4
Kg7 21. f5 g5 22. g4 Kf6 23. Kf2 Rc7 24. Rh1 h6 25. h4 gxh4 26. Rxh4 Rh7 27.
Rah1 Kg7 28. Rh5 Nd8 29. g5 hxg5 30. Rxg5+ Kh8 31. Rhg1 Rf7 32. Kf1 Nde6 33.
Rh1+ Nh7 34. Rxh7+ Kxh7 35. Rg6 Nf4 36. Rxd6 Kg7 37. d4 Rf6 38. Rd7+ Rf7 39.
Rd6 cxd4 40. cxd4 exd4 41. Rxd4 Kf6 42. Kf2 Ke5 43. Rd8 Kxe4 44. Re8+ Kxf5 45.
Kf3 Ne6 46. Ke3 Rd7 47. Ra8 b6 48. Re8 Kf6 49. Rh8 Ke7 50. Rh7+ Kd6 51. Rh6 Re7
52. Kd3 Kc7 53. a4 Nc5+ 54. Kc2 Nxa4 55. Rh8 Nc5 56. Ra8 Kb7 57. Rh8 Ka6 58.
Rh1 Re2+ 59. Kc3 Ra2 60. Rh7 Ra3+ 61. Kd4 Rd3+ 62. Ke5 Rd7 63. Rh1 Kb7 64. Rg1
a5 65. Rh1 a4 66. Rg1 Ka6 67. Rb1 Rd3 68. Ra1 Ka5 69. Rh1 Rb3 70. Rd1 a3 71.
Rd8 Kb4 72. Rd1 a2 73. Kf4 Rb1 74. Rd6 a1=Q 75. Rxb6+ Kxc4 76. Rd6 0-1